[Event "Titled Tuesday intern op 08th Aug Early"]
[Site "Chess.com INT"]
[Date "2023.08.08"]
[Round "7"]
[White "Zarnicki, Pablo Adrian"]
[Black "Srihari, LR."]
[Result "0-1"]
[WhiteElo "2514"]
[BlackElo "2407"]
[PlyCount "144"]
[EventDate "2023.08.08"]
[EventType "swiss (blitz)"]
[EventRounds "11"]
[EventCountry "USA"]
[SourceTitle "EXT 2024"]
[Source "ChessBase"]
[SourceDate "2023.10.10"]
[SourceVersion "1"]
[SourceVersionDate "2023.10.10"]
[SourceQuality "1"]

1. e4 c5 2. Nf3 d6 3. Bb5+ Bd7 4. Bxd7+ Qxd7 5. c4 Nc6 6. Nc3 Nf6 7. 0-0 g6 8. d4 cxd4 9. Nxd4 Nxd4 10. Qxd4 Bg7 11. Bg5 0-0 12. Qd2 Qc6 13. Qd3 h6 14. Bxf6 Bxf6 15. Nd5 Kg7 16. Nxf6 Kxf6 17. Qc3+ e5 18. f4 Kg7 19. fxe5 Qc5+ 20. Kh1 dxe5 21. Rad1 Rac8 22. b3 Qe7 23. Rd5 f6 24. h3 Rc7 25. Rfd1 h5 26. a4 b6 27. Qd3 Rf7 28. Rd8 f5 29. exf5 Rxf5 30. Kh2 e4 31. Qc3+ Qe5+ 32. Qxe5+ Rxe5 33. Kg3 e3 34. Kf4 Re6 35. Re1 e2 36. Rd2 Rf7+ 37. Kg3 Re3+ 38. Kh2 Rxb3 39. Rexe2 Rb4 40. Re6 Rxa4 41. Rdd6 Rxc4 42. Rxg6+ Kf8 43. Rh6 Rc5 44. Rd8+ Ke7 45. Ra8 Rc7 46. Rxh5 Rb7 47. Re5+ Kd6 48. Re1 b5 49. Rd8+ Kc7 50. Rd5 a5 51. Ree5 b4 52. Rc5+ Kd6 53. Red5+ Ke6 54. Re5+ Kf6 55. Rf5+ Kg7 56. Rg5+ Kh7 57. Rxa5 b3 58. Ra1 b2 59. Rb1 Rfc7 60. Rh5+ Kg6 61. Ra5 Rc1 62. Ra6+ Kg7 63. Rxb2 Rxb2 64. Ra3 Rcc2 65. Rg3+ Kh6 66. h4 Kh5 67. Kh3 Rc5 68. Re3 Rb4 69. Rf3 Rxh4+ 70. Kg3 Rg5+ 71. Kf2 Rh2 72. Rh3+ Rxh3 0-1

[Event "Titled Tuesday intern op 18th Apr Late"]
[Site "Chess.com INT"]
[Date "2023.04.18"]
[Round "7"]
[White "Aalto, Patrik"]
[Black "Zarnicki, Pablo Adrian"]
[Result "0-1"]
[WhiteElo "2251"]
[BlackElo "2514"]
[PlyCount "64"]
[EventDate "2023.04.18"]
[EventType "swiss (blitz)"]
[EventRounds "11"]
[EventCountry "USA"]
[SourceTitle "EXT 2024"]
[Source "ChessBase"]
[SourceDate "2023.10.10"]
[SourceVersion "1"]
[SourceVersionDate "2023.10.10"]
[SourceQuality "1"]

1. e4 e5 2. Nc3 Nf6 3. f4 d5 4. fxe5 Nxe4 5. Qf3 Nxc3 6. bxc3 Be7 7. d4 0-0 8. Bd3 c5 9. Ne2 c4 10. Bf5 Bxf5 11. Qxf5 Qd7 12. Qxd7 Nxd7 13. Nf4 Nb6 14. a4 Bg5 15. Nxd5 Nxd5 16. Bxg5 Nxc3 17. Bd2 Nd5 18. c3 f5 19. Rb1 a6 20. Rxb7 Rab8 21. Rxb8 Rxb8 22. Ke2 Rb2 23. Rc1 Nf4+ 24. Kf3 Nd5 25. Be3 Kf7 26. g4 fxg4+ 27. Ke4 Ke6 28. Re1 Nxc3+ 29. Kf4 Nd5+ 30. Kxg4 c3 31. Kf3 c2 32. Ke4 Nxe3 0-1

[Event "Titled Tuesday intern op 18th Apr Late"]
[Site "Chess.com INT"]
[Date "2023.04.18"]
[Round "6"]
[White "Timmermans, Mark"]
[Black "Zarnicki, Pablo Adrian"]
[Result "1-0"]
[WhiteElo "2390"]
[BlackElo "2514"]
[PlyCount "83"]
[EventDate "2023.04.18"]
[EventType "swiss (blitz)"]
[EventRounds "11"]
[EventCountry "USA"]
[SourceTitle "EXT 2024"]
[Source "ChessBase"]
[SourceDate "2023.10.10"]
[SourceVersion "1"]
[SourceVersionDate "2023.10.10"]
[SourceQuality "1"]

1. Nf3 Nf6 2. c4 g6 3. Nc3 Bg7 4. g3 d6 5. Bg2 0-0 6. 0-0 c5 7. Rb1 Nc6 8. a3 a5 9. e3 Bf5 10. d3 Qd7 11. Re1 Bh3 12. Bh1 e5 13. Nd5 Nxd5 14. cxd5 Ne7 15. e4 h6 16. b4 cxb4 17. axb4 a4 18. b5 f5 19. Ba3 Rf7 20. Qd2 Raf8 21. Qb4 Nc8 22. Nd2 f4 23. f3 fxg3 24. hxg3 h5 25. Kf2 Bh6 26. Ke2 Qe7 27. Nc4 Qg5 28. Bc1 Qxg3 29. Bxh6 Rxf3 30. Bxf3 Rxf3 31. Kd2 Rxd3+ 32. Kc2 Rd4 33. Qc3 Qf2+ 34. Bd2 Bg2 35. Rbd1 Bxe4+ 36. Kc1 Rd3 37. Qa5 Bf5 38. Qd8+ Kf7 39. Qc7+ Kg8 40. Ne3 Rxd2 41. Nxf5 Ra2 42. Qg7# 1-0

[Event "Titled Tuesday intern op 11th Apr Late"]
[Site "Chess.com INT"]
[Date "2023.04.11"]
[Round "7"]
[White "Durarbayli, Vasif"]
[Black "Zarnicki, Pablo Adrian"]
[Result "1-0"]
[WhiteElo "2627"]
[BlackElo "2514"]
[PlyCount "79"]
[EventDate "2023.04.11"]
[EventType "swiss (blitz)"]
[EventRounds "11"]
[EventCountry "USA"]
[SourceTitle "CBM 213 Extra"]
[Source "ChessBase"]
[SourceDate "2023.05.31"]
[SourceVersion "1"]
[SourceVersionDate "2023.05.31"]
[SourceQuality "1"]

1. e4 e5 2. Nc3 Nf6 3. d4 exd4 4. Qxd4 Nc6 5. Qd3 Bb4 6. Bd2 0-0 7. 0-0-0 Re8 8. Nge2 d6 9. Bg5 h6 10. Bxf6 Qxf6 11. Nd5 Qd8 12. f4 Bc5 13. Nec3 Bg4 14. Be2 Bxe2 15. Qxe2 Ne7 16. Qf3 Nxd5 17. Nxd5 c6 18. Nc3 Qa5 19. Kb1 Bb4 20. Ne2 Re7 21. Ng3 Rae8 22. h4 Qb6 23. h5 Bc5 24. Nf5 Re6 25. Qg3 g6 26. Nxh6+ Kf8 27. hxg6 Rxg6 28. Qf3 Ke7 29. e5 d5 30. g4 Rf8 31. g5 Kd8 32. Ng4 Kc8 33. Nf6 Rd8 34. Rh7 Qc7 35. e6 Rf8 36. Qg4 Kb8 37. f5 Rxf6 38. gxf6 Qe5 39. Rxf7 Rh8 40. e7 1-0

[Event "Titled Tuesday intern op 11th Apr Late"]
[Site "Chess.com INT"]
[Date "2023.04.11"]
[Round "4"]
[White "Jelcic, Marko"]
[Black "Zarnicki, Pablo Adrian"]
[Result "0-1"]
[WhiteElo "2201"]
[BlackElo "2514"]
[PlyCount "134"]
[EventDate "2023.04.11"]
[EventType "swiss (blitz)"]
[EventRounds "11"]
[EventCountry "USA"]
[SourceTitle "CBM 213 Extra"]
[Source "ChessBase"]
[SourceDate "2023.05.31"]
[SourceVersion "1"]
[SourceVersionDate "2023.05.31"]
[SourceQuality "1"]

1. c4 Nf6 2. Nc3 e6 3. g3 d5 4. cxd5 exd5 5. d4 c6 6. Bg2 Bd6 7. Nf3 0-0 8. 0-0 Bf5 9. Bg5 Nbd7 10. Nh4 Bg4 11. h3 Be6 12. Rb1 h6 13. Bxf6 Nxf6 14. b4 Qd7 15. Kh2 a6 16. a4 g5 17. Nf3 Ne4 18. Qb3 f5 19. Qb2 Rae8 20. b5 axb5 21. axb5 f4 22. bxc6 fxg3+ 23. Kh1 bxc6 24. Nxe4 dxe4 25. Ne5 Bxe5 26. dxe5 Bxh3 27. fxg3 Bxg2+ 28. Kxg2 Qd5 29. Rxf8+ Rxf8 30. Qb3 Re8 31. Qxd5+ cxd5 32. Rb6 Kg7 33. e6 Kf6 34. Rd6 Ke5 35. Rd7 Rxe6 36. e3 Rd6 37. Re7+ Kf6 38. Rh7 Kg6 39. Re7 d4 40. exd4 Rxd4 41. Kf2 Kf5 42. Rh7 Rd2+ 43. Kf1 Kg4 44. Rxh6 e3 45. Re6 Kf3 46. Ke1 Ra2 47. Rf6+ Kxg3 48. Rf5 g4 49. Kd1 Rf2 50. Rh5 Kg2 51. Rh8 g3 52. Ke1 Kg1 53. Rh7 g2 54. Rh8 Rf6 55. Rh3 e2 56. Rh8 Rf1+ 57. Kxe2 Rf5 58. Rh7 Re5+ 59. Kf3 Kf1 60. Kf4 g1Q 61. Kxe5 Qg5+ 62. Kd4 Qf4+ 63. Kc3 Qe3+ 64. Kb2 Qd2+ 65. Ka3 Qc3+ 66. Ka2 Qc2+ 67. Ka3 Qxh7 0-1

[Event "Titled Tuesday intern op 11th Apr Late"]
[Site "Chess.com INT"]
[Date "2023.04.11"]
[Round "10"]
[White "Keymer, Vincent"]
[Black "Zarnicki, Pablo Adrian"]
[Result "1/2-1/2"]
[WhiteElo "2700"]
[BlackElo "2514"]
[PlyCount "89"]
[EventDate "2023.04.11"]
[EventType "swiss (blitz)"]
[EventRounds "11"]
[EventCountry "USA"]
[SourceTitle "CBM 213 Extra"]
[Source "ChessBase"]
[SourceDate "2023.05.31"]
[SourceVersion "1"]
[SourceVersionDate "2023.05.31"]
[SourceQuality "1"]

1. Nf3 Nf6 2. a3 d5 3. e3 g6 4. b4 Bg7 5. Bb2 0-0 6. c4 c6 7. h3 a5 8. b5 c5 9. cxd5 Nxd5 10. Bxg7 Kxg7 11. Bc4 Nf6 12. 0-0 b6 13. Qb3 Nbd7 14. Nc3 Bb7 15. Ng5 Qe8 16. f4 h6 17. Nf3 e6 18. Rae1 Qe7 19. e4 Rfe8 20. d3 Rad8 21. Qb2 Kh7 22. Qf2 e5 23. Nxe5 Rf8 24. Nf3 Nh5 25. f5 Ne5 26. Nd5 Bxd5 27. exd5 Nxf3+ 28. Qxf3 Qg5 29. fxg6+ fxg6 30. Qxf8 Rxf8 31. Rxf8 Nf4 32. Rf7+ Kg8 33. Rxf4 Qxf4 34. d6+ Kg7 35. Re7+ Kf8 36. Re6 Qc1+ 37. Kf2 Qf4+ 38. Ke2 Qd4 39. Rxg6 Qe5+ 40. Kd2 Qb2+ 41. Ke3 Qe5+ 42. Kd2 Qb2+ 43. Kd1 Qa1+ 44. Ke2 Qe5+ 45. Kd2 1/2-1/2

[Event "Titled Tuesday intern op 11th Apr Late"]
[Site "Chess.com INT"]
[Date "2023.04.11"]
[Round "1"]
[White "Sarana, Alexey"]
[Black "Zarnicki, Pablo Adrian"]
[Result "1-0"]
[WhiteElo "2685"]
[BlackElo "2514"]
[PlyCount "99"]
[EventDate "2023.04.11"]
[EventType "swiss (blitz)"]
[EventRounds "11"]
[EventCountry "USA"]
[SourceTitle "CBM 213 Extra"]
[Source "ChessBase"]
[SourceDate "2023.05.31"]
[SourceVersion "1"]
[SourceVersionDate "2023.05.31"]
[SourceQuality "1"]

1. d4 Nf6 2. c4 e6 3. Nc3 Bb4 4. e3 c5 5. Bd3 Nc6 6. Nge2 cxd4 7. exd4 d5 8. c5 0-0 9. 0-0 e5 10. a3 Bxc3 11. bxc3 b6 12. Bb5 Bd7 13. Bxc6 Bxc6 14. dxe5 Nd7 15. Nd4 Nxe5 16. Bf4 bxc5 17. Bxe5 cxd4 18. Bxd4 Qd7 19. Re1 Rfe8 20. Qd2 f6 21. h3 a6 22. Qf4 Rxe1+ 23. Rxe1 Re8 24. Rb1 Bb5 25. Qg3 Qf5 26. Rb4 h6 27. a4 Bc4 28. Rb7 Qg5 29. Qc7 Bf1 30. Qf7+ Kh7 31. g3 Re1 32. Bxf6 Bd3+ 33. Kh2 Be4 34. Qxg7+ Qxg7 35. Rxg7+ Kh8 36. g4 h5 37. gxh5 Rh1+ 38. Kg3 Rg1+ 39. Kf4 Rxg7 40. h6 Kh7 41. hxg7 Bc2 42. a5 Be4 43. h4 Kg8 44. Ke5 Kf7 45. h5 Kg8 46. h6 Bf3 47. Ke6 Be4 48. f4 Bf3 49. h7+ Kxh7 50. Kf7 1-0

[Event "Titled Tuesday intern op 14th Mar Early"]
[Site "Chess.com INT"]
[Date "2023.03.14"]
[Round "10"]
[White "Shevtchenko, Olesya"]
[Black "Zarnicki, Pablo Adrian"]
[Result "1-0"]
[WhiteElo "2054"]
[BlackElo "2514"]
[PlyCount "65"]
[EventDate "2023.03.14"]
[EventType "swiss (blitz)"]
[EventRounds "11"]
[EventCountry "USA"]
[SourceTitle "EXT 2024"]
[Source "ChessBase"]
[SourceDate "2023.10.10"]
[SourceVersion "1"]
[SourceVersionDate "2023.10.10"]
[SourceQuality "1"]

1. e4 c5 2. Nf3 d6 3. d4 cxd4 4. Nxd4 Nf6 5. Nc3 Nc6 6. Bg5 e6 7. Qd2 Be7 8. 0-0-0 0-0 9. Kb1 Bd7 10. f3 Nxd4 11. Qxd4 Bc6 12. h4 a6 13. Bxf6 Bxf6 14. Qxd6 Qa5 15. Qd2 Rfd8 16. Bd3 Rac8 17. Nd5 Rxd5 18. exd5 Qxd5 19. c3 Rd8 20. Qc2 Qc5 21. Bxh7+ Kh8 22. Rxd8+ Bxd8 23. Rd1 Bf6 24. Be4 Bb5 25. g4 Qe3 26. Bxb7 Bxh4 27. Qd2 Qb6 28. Rh1 g5 29. Qxg5 Bd3+ 30. Ka1 Qxb7 31. Qxh4+ Kg7 32. Qh6+ Kg8 33. Qh8# 1-0

[Event "Titled Tuesday intern op 14th Mar Early"]
[Site "Chess.com INT"]
[Date "2023.03.14"]
[Round "6"]
[White "Zarnicki, Pablo Adrian"]
[Black "Bochnicka, Vladimir1111"]
[Result "1-0"]
[WhiteElo "2514"]
[BlackElo "2309"]
[PlyCount "51"]
[EventDate "2023.03.14"]
[EventType "swiss (blitz)"]
[EventRounds "11"]
[EventCountry "USA"]
[SourceTitle "EXT 2024"]
[Source "ChessBase"]
[SourceDate "2023.10.10"]
[SourceVersion "1"]
[SourceVersionDate "2023.10.10"]
[SourceQuality "1"]

1. e4 c5 2. Nf3 Nc6 3. d4 cxd4 4. Nxd4 e5 5. Nb5 d6 6. c4 Be7 7. N5c3 f5 8. Be2 f4 9. Bg4 Nf6 10. Bxc8 Qxc8 11. 0-0 0-0 12. f3 Qe6 13. Nd5 Bd8 14. Nbc3 Kh8 15. Qe2 Nd4 16. Qf2 Rc8 17. b3 b5 18. Nxf6 Rxf6 19. Nd5 Rh6 20. Bb2 Rxh2 21. Kxh2 Qh6+ 22. Kg1 Bh4 23. Bxd4 exd4 24. Qxd4 Bg3 25. Rfc1 Qh1+ 26. Kxh1 1-0